Guite kual a luutna (Record no. 7767)
[ view plain ]
| 000 -LEADER | |
|---|---|
| fixed length control field | 00412nam a22001697a 4500 |
| 003 - CONTROL NUMBER IDENTIFIER | |
| control field | GBCCL |
| 005 - DATE AND TIME OF LATEST TRANSACTION | |
| control field | 20241126110636.0 |
| 008 - FIXED-LENGTH DATA ELEMENTS--GENERAL INFORMATION | |
| fixed length control field | 180919b ||||| |||| 00| 0 eng d |
| 040 ## - CATALOGING SOURCE | |
| Transcribing agency | GBC |
| 082 ## - DEWEY DECIMAL CLASSIFICATION NUMBER | |
| Classification number | VER 954.004954 |
| Item number | NEI |
| 100 ## - MAIN ENTRY--PERSONAL NAME | |
| Personal name | Neihsial, Tualchin |
| 9 (RLIN) | 10349 |
| 245 ## - TITLE STATEMENT | |
| Title | Guite kual a luutna |
| 260 ## - PUBLICATION, DISTRIBUTION, ETC. | |
| Date of publication, distribution, etc. | 1986. |
| Place of publication, distribution, etc. | Lamka : |
| Name of publisher, distributor, etc. | Author |
| 300 ## - PHYSICAL DESCRIPTION | |
| Extent | 77p. ; |
| 650 ## - SUBJECT ADDED ENTRY--TOPICAL TERM | |
| Topical term or geographic name entry element | Zomi -- History |
| 9 (RLIN) | 13555 |
| 942 ## - ADDED ENTRY ELEMENTS (KOHA) | |
| Source of classification or shelving scheme | Dewey Decimal Classification |
| Koha item type | Books |
| Withdrawn status | Lost status | Source of classification or shelving scheme | Damaged status | Not for loan | Collection | Home library | Current Library | Shelving location | Date acquired | Total checkouts | Full call number | Barcode | Date last seen | Price effective from | Koha item type |
|---|---|---|---|---|---|---|---|---|---|---|---|---|---|---|---|
| Dewey Decimal Classification | GRACE BIBLE COLLEGE | GRACE BIBLE COLLEGE | Vernacular | 2018-09-19 | VER 954.004954 NEI | 003957 | 2025-05-01 | 2018-09-19 | Books |